00434nmm a2200157Ia 4500008004100000020001800041041000800059100001700067245001500084264005500099300001800154650002900172856005100201942000700252999001700259251105s9999||||xx |||||||||||||||||und|| a9788417007225 aspa aCusk, Rachel 0aTránsito a[Madrid, España] :bLibros del asteroide, c2017 a224 páginas aNorth American narrative uhttps://public.digitaliapublishing.com/a/50548 cCF c78277d78277